000
00231nam a22000857a 4500
008
170606b xxu||||| |||| 00| 0 eng d
100
_9
3294
_a
Sengupta. A
245
_a
Lalu and the Red Kite
260
_a
New Delhi
_b
National Book Trust
_c
2004
999
_c
6611
_d
6611